Statistiques concernant Quiz sur le Morbihan

Cliquez ici pour prendre le quiz!

Statistiques générales

  • Ce quiz a été pris 2 693 fois
  • Le résultat moyen est 11 sur 16

Statistiques - réponses

QuestionRéponse% Correct
Région dans laquelle il se situeBretagne
99%
Numéro du département56
95%
Préfecture et deuxième plus grande villeVannes
92%
Homme politique qui est le président historique du FN/RNJean-Marie Le Pen
90%
Ville la plus peuplée du département qui n'est que sous-préfectureLorient
89%
Festival qui prend place dans cette ville chaque année, mettant à l'honneur
la culture régionale et ses cousines des îles Britanniques et d'Ibérie
Festival inter{celtique}
84%
Presqu'île commençant par Q, située au sud du départementQuiberon
83%
Commune principalement connue pour ses alignements de 2 934 menhirsCarnac
81%
Troisième plus grande île de France en Europe, après la Corse et OléronBelle-Île-en-Mer
76%
Célèbre école militaire qui est située à Guer dans le Morbihan
(même si elle tient son nom d'une commune des Yvelines)
Saint-Cyr
69%
Chanteur d'origine guadeloupéenne qui a rendu hommage à celle-ciLaurent Voulzy
56%
Entreprise de « cosmétique végétale » qui est née dans le MorbihanYves Rocher
53%
Seule autre sous-préfecture, principale agglomération dans les terresPontivy
52%
Signification de Mor-Bihan dans la langue de cette région{Petite} Mer
50%
Fleuves qui se jettent à Lanester (nommez-en un)Blavet | Scorff
31%
Golfe dans lequel ils se déversent alorsGolfe de {Gascogne}
31%

Distribution des résultats

Percentile par nombre de réponses

% des personnes avec chaque résultat

Votre développement - résultats

Vous n’avez pas pris ce quiz